000 01465nam0a2200349 4500
001 RU\NLR\bibl\1658252
005 20250616040122.0
010 _a978-5-98461-732-1
_9100
021 _aRU
_b2010-48104
_93199
035 _a(nilc)RSL-KNO-004698698
035 _a(NLR Aleph) 001649550
090 _a913005
_c913005
100 _a20100628d2010 |||y0rusy50 ca
101 0 _arus
102 _aRU
105 _ay zzzz|||||
200 1 _aТур дэ форс, или Трюк судьбы
_eновая проза
_fС. Пивоваренко
210 _aВолгоград
_cВолгоградское науч. изд-во
_d2010
215 _a361, [1] с.
_d22
517 0 _aТрюк судьбы
610 0 _aФилологические науки. Художественная литература -- Российская Федерация -- Русская литература -- с сер. 50-х гг. 20 в. -- Произведения художественной литературы -- Художественная проза -- Романы. Повести. Рассказы
686 _aШ5(2=Р)75-644
_2rubbk
686 _aШ6(2=Р)8-44
700 1 _aПивоваренко
_bС. Ф.
_gСергей Федорович
_4070
801 0 _aRU
_bРГБ
_c20100628
_grcr
801 1 _aRU
_bРГБ
_c20100628
801 2 _aRU
_bNLR
_c20100726
_grcr
830 _aпо кн
942 _cBOOK
980 _aNB